000 00708aam a2200289 4500
005 20251008162858.0
008 150513b2012 xxu||||| |||| 00| 0 spa d
020 _a9789977239156
041 _aESP
082 _aCR 863.4 G216m2
100 _aGarcía Monge, Joaquín
245 _aEl moto
250 _a2 edición
260 _aCosta Rica
260 _bEditorial Costa Rica
260 _c2012
300 _a82 páginas
490 _aTemática General
650 _aNOVELA COSTARRICENSE
650 _aLITERATURA COSTARRICENSE
650 _aHUÉRFANO
650 _aAMOR IMPOSIBLE
650 _aCLASES SOCIALES
650 _aPOBREZA
650 _aMATRIMONIO ARREGLADO
942 _cBK
_2ddc
999 _c5426
_d5426